| 000 | 00866nam a22002657a 4500 | ||
|---|---|---|---|
| 999 |
_c37657 _d37657 |
||
| 001 | 7444 | ||
| 003 | CO-MdFUSB | ||
| 005 | 20180622073145.0 | ||
| 008 | 180417t2000 sp ||||| |||| 00| 0 spa d | ||
| 020 | _a84-86589-42-8 | ||
| 040 |
_aCO-MdFUSB _bspa _cCO-MdFUSB _dCO-MdFUSBC _erda |
||
| 041 | 0 |
_aspa _heng |
|
| 082 | 0 | 4 | _aG 227.85 B4781c |
| 100 | 1 |
_aBenton, John _eautor |
|
| 245 | 1 | 0 |
_aCómo enderezar una iglesia centrada en sí misma _b : El mensaje de Tito _c/ John Benton ; David Cánovas Williams, Traductor |
| 264 | 4 |
_aEspaña : _b Peregrino, _c©2000 |
|
| 300 | _a190 Pag | ||
| 336 |
_2rdacontent _atexto _btxt |
||
| 337 |
_2rdamedia _asin mediación _bn |
||
| 338 |
_2rdacarrier _avolumen _bnc |
||
| 500 | _aTitulo original : Straightening out the self-centred church | ||
| 650 | 7 |
_aIglesia _9655 |
|
| 653 | _aBiblia N.T - Tito - Comentarios | ||
| 942 | _cBK | ||